Pisarze fantasy nad podstawie ich dzieł - Statystyki

Ogólne statystyki
  • Ten quiz został rozwiązany 299 razy
  • Średni wynik to 9 z 28
Statystyki odpowiedzi
Książki/serie Odpowiedź % Poprawnych
Harry Potter J.K. Rowling
95%
Władca Pierścienia J.R.R.R. Tolkien
90%
Saga o wiedźminie Andrzej Sapkowski
87%
Pieśń Lodu i Ognia George R.R. Martin
62%
Opowieści z Narnii Clive Staples Lewis
58%
Igrzyska Śmierci Suzanne Collins
40%
Zmierzch Stephanie Meyer
39%
Percy Jackson i bogowie olimpijscy Rick Riordan
31%
Diuna Frank Herbert
30%
Metro 2033 Dmitry Glukhovsky
27%
Kroniki Jakuba Wędrowycza Andrzej Pilipiuk
25%
Ja, Inkwizytor Jacek Piekara
25%
Zwiadowcy John Flanagan
25%
Pan Lodowego Ogrodu Jarosław Grzędowicz
24%
Lód Jacek Dukaj
23%
Świat Dysku Terry Pratchett
22%
Dary Anioła Cassandra Clare
21%
Trylogia Czarnego Maga Trudi Canavan
21%
Eragon Christopher Paolini
19%
Ziemiomorze Ursula le Guin
19%
Achaja Andrzej Ziemiański
18%
Niezgodna Veronica Roth
18%
Wywiad z wampirem Anne Rice
13%
Kłamca Jakub Ćwiek
12%
Szeptem Becca Fitzpatrick
10%
Dotyk Julii Tahereh Mafi
9%
Gra Endera Orson Scott Card
8%
Więzień Labiryntu James Dashner
6%
Nie znaleziono quizów pasujących do podanych kryteriów
Rozkład punktacji
Procent ludzi z każdym wynikiem
Percentyl według liczby udzielonych odpowiedzi
Twoja historia wyników
Nie rozwiązałeś tego quizu